| 000 | 01481cam a2200373 a 4500 | ||
|---|---|---|---|
| 001 | EDZ0000020815 | ||
| 003 | StDuBDS | ||
| 005 | 20161031105153.0 | ||
| 006 | m||||||||d|||||||| | ||
| 007 | cr ||||||||||| | ||
| 008 | 110207s2011 cau fo| 001|0|eng|d | ||
| 020 |
_a9781412994095 (ebook) : _cNo price |
||
| 040 |
_aStDuBDS _beng _cStDuBDS _epn |
||
| 049 | _aAlfaisal Main Library | ||
| 050 | 0 |
_aHV7921 _b.P52 2011 |
|
| 082 | 0 | 4 |
_a363.2 _223 |
| 245 | 0 | 0 |
_aPolice and law enforcement _h[electronic resource] / _cgeneral editor, William J. Chambliss. |
| 260 |
_aLos Angeles, [Calif.] ; _aLondon : _bSAGE, _cc2011. |
||
| 300 | _a1 online resource (xvi, 320 p.). | ||
| 490 | 1 | _aKey issues in crime and punishment | |
| 520 | 8 | _aTopics in this title include such hotly debated topics as accountability, arrest practices, bounty hunters, entrapment, Miranda warnings, police privatization, profiling, vigilantes and sero-tolerance policing. | |
| 521 | _aSpecialized. | ||
| 588 | _aDescription based on print version record. | ||
| 504 | _aIncludes bibliographical references and index. | ||
| 650 | 0 | _aPolice. | |
| 650 | 0 | _aLaw enforcement. | |
| 655 | 7 |
_aElectronic books. _2local |
|
| 700 | 1 | _aChambliss, William J. | |
| 710 | 2 | _aSage eBooks | |
| 776 | 0 | 8 |
_iPrint version : _z9781412978590 |
| 830 | 0 | _aKey issues in crime and punishment. | |
| 856 | 4 | 0 | _uhttp://ezproxy.alfaisal.edu/login?url=http://sk.sagepub.com/reference/policelawenforcement |
| 942 |
_2lcc _cEBOOKS |
||
| 999 |
_c480882 _d480882 |
||